Braille Pad (Record no. 13059)
[ view plain ]
| 000 -LEADER | |
|---|---|
| fixed length control field | 00399nam a22001337a 4500 |
| 082 ## - DEWEY DECIMAL CLASSIFICATION NUMBER | |
| Classification number | BEE-2 ASA |
| 100 ## - MAIN ENTRY--PERSONAL NAME | |
| Personal name | Asad Mahmood |
| 9 (RLIN) | 51243 |
| 245 ## - TITLE STATEMENT | |
| Title | Braille Pad |
| 260 ## - PUBLICATION, DISTRIBUTION, ETC. | |
| Place of publication, distribution, etc. | Islamabad |
| Name of publisher, distributor, etc. | NUST SEECS |
| Date of publication, distribution, etc. | 2014 |
| 500 ## - GENERAL NOTE | |
| General note | Supervisor: Dr. Tauseef Touqeer |
| 700 ## - ADDED ENTRY--PERSONAL NAME | |
| Personal name | Asad Mahmood, M. Waleed Alam, Zeeshan Tallat |
| 9 (RLIN) | 92389 |
| 856 ## - ELECTRONIC LOCATION AND ACCESS | |
| Uniform Resource Identifier | <a href="http://10.250.8.41:8080/xmlui/handle/123456789/28912">http://10.250.8.41:8080/xmlui/handle/123456789/28912</a> |
| 942 ## - ADDED ENTRY ELEMENTS (KOHA) | |
| Koha item type | Project Report |
| Source of classification or shelving scheme | |
| Withdrawn status | Lost status | Source of classification or shelving scheme | Damaged status | Not for loan | Permanent Location | Current Location | Shelving location | Date acquired | Full call number | Barcode | Date last seen | Price effective from | Koha item type |
|---|---|---|---|---|---|---|---|---|---|---|---|---|---|
| WITHDRAWN | Central Library (CL) | Central Library (CL) | General Stacks | 10/27/2014 | BEE-2 ASA | SEECSP01541 | 10/27/2014 | 10/27/2014 | Project Report |
